000 00401nam a2200145 4500
001 109741
003 ES-MaACL
007 t|
008 061121s1929 sp r ||||1| spa d
100 1 _aFardwel, William.
_948835
245 1 3 _aLa casa del muerto
_b: (Cuentos) /
_cJ.E. de Muñagorri.
260 _aMadrid :
_bRafael Caro Raggio,
_c1929.
300 _a162 p. ;
_c19 cm.
852 _aES-MaACL
_jB-3651
999 _c109741
_d109741